Salta al contenuto

Методы оптимизации и исследование операций учебное пособие для вузов

Учебное пособие подготовлено на кафедре нелинейных колебаний факультета ПММ Воронежского государственного университета. Рекомендуется для студентов 3-го курса дневного отделения факультета ПММ....

Descrizione completa

Salvato in:
Dettagli Bibliografici
Natura: Книга
Lingua:Russian
Pubblicazione: Воронеж ВГУ 2014
Accesso online:https://e.lanbook.com/book/357113
https://e.lanbook.com/img/cover/book/357113.jpg
Tags: Aggiungi Tag
Nessun Tag, puoi essere il primo ad aggiungerne! !
LEADER 01199nam0a2200229 i 4500
001 357113
003 RuSpLAN
005 20240216150947.0
008 240216s2014 ru gs 000 0 rus
040 |a RuSpLAN 
041 0 |a rus 
044 |a ru 
245 0 0 |a Методы оптимизации и исследование операций  |b учебное пособие для вузов 
260 |a Воронеж  |b ВГУ  |c 2014 
300 |a 119 с. 
504 |a Библиогр.: доступна в карточке книги, на сайте ЭБС Лань 
520 8 |a Учебное пособие подготовлено на кафедре нелинейных колебаний факультета ПММ Воронежского государственного университета. Рекомендуется для студентов 3-го курса дневного отделения факультета ПММ. 
521 8 |a Книга из коллекции ВГУ - Математика 
521 8 |a СЭБ 
856 4 |u https://e.lanbook.com/book/357113 
856 4 8 |u https://e.lanbook.com/img/cover/book/357113.jpg 
953 |a https://e.lanbook.com/img/cover/book/357113.jpg